|
|
|
|
| LEADER |
00000cam a2200000 a 4500 |
| 001 |
vtls001335245 |
| 003 |
SK-MaSNL |
| 005 |
20260301200522.0 |
| 008 |
240314s1998 xo r 000 0 slo |
| 015 |
|
|
|a SNBE1998/03-02123
|
| 020 |
|
|
|a 8071591009
|
| 035 |
|
|
|a SNK000288213
|
| 035 |
|
|
|a urn:nbn:sk:snk-amkhw9
|
| 035 |
|
|
|a urn:nbn:sk:snk-am003ctt
|
| 035 |
|
|
|a 18024B08-B730-4E7C-8FA7-28A57BF33B49
|
| 040 |
|
|
|a SNK
|b slo
|c SNK
|e AACR2
|
| 041 |
0 |
|
|a slo
|
| 044 |
|
|
|a xo
|c SK
|
| 080 |
|
|
|a 616.12/.14+612.1:615.22(041)
|2 1981
|
| 080 |
|
|
|a 612.1
|2 1981
|
| 080 |
|
|
|a 615.22
|2 1981
|
| 100 |
1 |
|
|a Lipták, Ondrej,
|d 1919-2012
|4 aut
|9 175295
|
| 245 |
1 |
0 |
|a Zdravé srdce a cievy
|c Ondrej Lipták
|
| 260 |
|
|
|a Bratislava
|b Ústav zdravotnej výchovy
|c 1998
|
| 300 |
|
|
|a 51 s.
|c 21x15 cm
|
| 500 |
|
|
|a Nepredajné
|
| 650 |
0 |
7 |
|a srdce
|2 SNKPH
|9 13574
|
| 650 |
0 |
7 |
|a cievy
|2 SNKPH
|9 30383
|
| 650 |
0 |
7 |
|a choroby srdca
|2 SNKPH
|9 1246
|
| 650 |
0 |
7 |
|a cievne choroby
|2 SNKPH
|9 85261
|
| 650 |
0 |
7 |
|a prevencia ochorení
|2 SNKPH
|9 69501
|
| 655 |
|
7 |
|a informačné publikácie
|2 SNKPH
|9 70181
|
| 852 |
|
|
|a Slovenská národná knižnica
|
| 919 |
|
|
|a 80-7159-100-9
|
| 958 |
|
|
|a TL
|
| 999 |
|
|
|c 890835
|d 892765
|
| 952 |
|
|
|t P60, <03>, [BOOK], {603}
|a SNK
|b SNK
|y PREZ
|7 0
|p 17A0144329
|o snkSC 96159
|i snkKSP 6599/98
|0 0
|1 0
|4 0
|d 1998-06-26
|f 1
|l 0
|r 2025-09-16 00:00:00
|w 2026-02-24
|
| 952 |
|
|
|t P60, <04>, [BOOK], {604}
|a SNK
|b SNK
|y VYP
|7 0
|p 17A0144328
|o snkSC 96159 D1
|i snkKSP 6600/98
|0 0
|1 0
|4 0
|d 1998-06-26
|l 0
|r 2005-01-02 00:00:00
|w 2026-02-24
|